000 00773nam a2200253 i 4500
003 DO-SdBNP
005 20240620092534.0
007 ta
008 240620s2008 cu 000 j spa d
020 _a9789592098886
040 _aDO-SdBNP
_bspa
_cBNPHU
_erda
082 _bG216
_222
100 1 _aGarcía Verdecia, Manuel
_911765
_eautor
245 1 0 _aHombre de la honda y de la piedra /
_cManuel García Verdecia
264 1 _aLa Habana, Cuba :
_bUnión,
_c2008.
300 _a100 páginas,
_c19 cm.
336 _2rdacontent
_atexto
_btxt
337 _2rdamedia
_asin mediación
_bn
338 _2rdacarrier
_avolumen
_bnc
586 _aPremio UNEAC, 2007. Poesía "Julián del Casal"
590 _aInventariado, 2024/ YL
910 _aYLockward
942 _2ddc
_cLBS1
999 _c56903
_d56903